| 000 | 00000nam 2200000za 4500 |
| 001 | 9.840560 |
| 003 | CaOODSP |
| 005 | 20221107151856 |
| 007 | cr ||||||||||| |
| 008 | 170727s2016 onc |o f|0| 0 eng d |
| 040 | |aCaOODSP|beng |
| 043 | |an-cn--- |
| 086 | 1 |aJU14-30/2016E-PDF |
| 245 | 00|aWhy is judicial independence important to you? |h[electronic resource]. |
| 260 | |a[Ottawa] : |bCanadian Judicial Council, |c2016. |
| 300 | |a47 p. |
| 500 | |aIssued also in French under title: Pourquoi l'indépendance judiciaire est-elle importante pour vous? |
| 500 | |aCover title. |
| 500 | |a"May 2016." |
| 692 | 07|2gccst|aJustice system |
| 692 | 07|2gccst|aJudges |
| 710 | 2 |aCanadian Judicial Council. |
| 775 | 08|tPourquoi l'indépendance judiciaire est-elle importante pour vous? |w(CaOODSP)9.840562 |
| 856 | 40|qPDF|s654 KB|uhttps://publications.gc.ca/collections/collection_2017/ccm-cjc/JU14-30-2016-eng.pdf |